Antología general de la poesía mexicana (siglos XVI-XX) / (Record no. 24585)

MARC details
000 -LEADER
campo de control de longitud fija 00862nam a2200253 i 4500
001 - NÚMERO DE CONTROL
campo de control 24585
003 - IDENTIFICADOR DE NÚMERO DE CONTROL
campo de control ES-MaACL
005 - FECHA Y HORA DE LA ÚLTIMA TRANSACCIÓN
campo de control 20250824205123.0
007 - CAMPO FIJO DE DESCRIPCIÓN FÍSICA--INFORMACIÓN GENERAL
campo de control de longitud fija t|
008 - DATOS DE LONGITUD FIJA--INFORMACIÓN GENERAL
campo de control de longitud fija 021218s1972 sp |||| |dspa d
080 ## - NÚMERO DE LA CLASIFICACIÓN DECIMAL UNIVERSAL
Número de la Clasificación Decimal Universal 821.134.2(72)-1"15/19"(082.2)
245 00 - MENCIÓN DEL TÍTULO
Título Antología general de la poesía mexicana (siglos XVI-XX) /
Mención de responsabilidad, etc. estudio preliminar, bibliografía y selección de Agustín del Saz.
250 ## - MENCION DE EDICION
Mención de edición 1ª ed.
260 ## - PUBLICACIÓN, DISTRIBUCIÓN, ETC.
Lugar de publicación, distribución, etc. Barcelona :
Nombre del editor, distribuidor, etc. Bruguera,
Fecha de publicación, distribución, etc. 1972.
300 ## - DESCRIPCIÓN FÍSICA
Extensión 783 p. ;
Dimensiones 18 cm.
490 1# - MENCIÓN DE SERIE
Mención de serie Libro clásico ;
Designación de volumen o secuencia 110
650 #7 - PUNTO DE ACCESO ADICIONAL DE MATERIA--TÉRMINO DE MATERIA
Término de materia o nombre geográfico como elemento de entrada Poesía mexicana-
Subdivisión cronológica Hasta S.XVIII
Fuente del encabezamiento o término
9 (RLIN) 146730
650 #7 - PUNTO DE ACCESO ADICIONAL DE MATERIA--TÉRMINO DE MATERIA
Término de materia o nombre geográfico como elemento de entrada Poesía mexicana-
Subdivisión cronológica S. XIX
Fuente del encabezamiento o término
9 (RLIN) 146731
650 #4 - PUNTO DE ACCESO ADICIONAL DE MATERIA--TÉRMINO DE MATERIA
Término de materia o nombre geográfico como elemento de entrada Poesía mexicana-
Subdivisión cronológica S.XX
9 (RLIN) 16236
700 1# - ENTRADA AGREGADA--NOMBRE PERSONAL
Nombre de persona Saz, Agustín del.
9 (RLIN) 104111
830 00 - PUNTO DE ACCESO ADICIONAL DE SERIE-TÍTULO UNIFORME
Título uniforme Libro clásico (Bruguera)
Designación de volumen o secuencia 110
9 (RLIN) 182686
852 ## - LOCALIZACIÓN
Ubicación ES-MaACL
Número de control de estantería C-52111
Holdings
Estatus retirado Estado de pérdida Estado de daño No para préstamo Biblioteca de origen Biblioteca actual Ubicación en estantería Fecha de adquisición Fuente de adquisición Total de préstamos Signatura topográfica completa Código de barras Visto por última vez Precio de reemplazo Tipo de ítem Koha
        Biblioteca del Ateneo de Madrid Biblioteca del Ateneo de Madrid Depósito 2 17/01/2008     C-52111 1025348 23/02/2023 23/02/2023 Libro impreso